Words from Letters - Statistics

General Stats
  • This quiz has been taken 1,526 times
    1,089 since last reset
  • The average score is 37 of 65
Answer Stats
Hint Answer % Correct
I Aye, eye, ay
99%
B Be, bee
98%
P Pea, pee
98%
T Tea, tee
98%
C Sea, see
97%
Y Why
97%
U You, ewe, yew
97%
Q Cue, queue
95%
J Jay
95%
R Are, our
94%
G Gee
94%
O Oh, owe
92%
EZ Easy
83%
OK Okay
83%
AL Ail, ale
81%
OEL Oil, I'll, aisle, isle
77%
IL Aisle, isle, I'll
74%
LO Hello
74%
XS Excess
72%
SA Essay
71%
IC Icy
71%
TP Teepee
69%
MT Empty
68%
DL Deal
66%
NE Any
65%
QT Cutie
65%
YL While, whale, why'll
65%
JL Jail
64%
TL Teal
63%
EL Eel
62%
PZ Peasy
61%
XL Excel
60%
PL Peel, peal
58%
YR Wire, why're
56%
AT Eighty
54%
KL Kale
54%
BD Beady
53%
DR Deer, dear
52%
CL Seal
52%
YN Wine, whine
52%
BR Beer
51%
PR Pier, peer
51%
RA Array
48%
KR Care
48%
OL Ole, oil
44%
AR Air, heir, hair
43%
CR Seer, sear
43%
NME Enemy
41%
NRG Energy
39%
ARE Airy, aerie, hairy
33%
DMN Demon
30%
SS Assess
29%
ERE Eerie
29%
ZT Ziti
28%
FIG Effigy
27%
SAL Assail
26%
RL Aural, oral
23%
KNOP Canopy
23%
RI Awry
21%
KRE Carry
21%
ORL Oral
21%
ARS Heiress
12%
MET Amity
5%
CZG Syzygy
5%
REDT Aridity
3%
No matching quizzes found
Score Distribution
Percent of People with Each Score
Percentile by Number Answered
Your Score History
You have not taken this quiz since the last reset